000 00604nam a22002057a 4500
005 20140812153010.0
010 _aENG-110362
020 _a9789350622780
_c595.00
035 _aEN-93894
037 _bDBAD/PUB
082 _a658.54
100 _aMohanty, R. P.
245 _aAdvanced operations management /
_cby R. P. Mohanty [and] S. G. Deshmukh
260 _aNew Delhi
_bExcel Books
_c2013
270 _aA-45, Naraina, Phase I
_bNew Delhi
_e110028
300 _axviii,421p.
_c24cm(pbk)
500 _aIncludes index
700 _aDeshmukh, S. G.
942 _2ddc
_cEN
_mMOH
_h658.54
999 _c86369
_d86369